[Event "Riga Tech Open A 2018"]
[Site "Riga LAT"]
[Date "2018.08.07"]
[Round "2.7"]
[White "Esipenko, Andrey"]
[Black "Oboladze, Luka"]
[Result "1/2-1/2"]
[WhiteTitle "GM"]
[WhiteElo "2589"]
[BlackElo "2349"]
[WhiteFideId "24175439"]
[BlackFideId "13608207"]
[EventDate "2018.08.06"]

1. d4 Nf6 2. Nf3 d5 3. c4 e6 4. Nc3 Be7 5. Bf4 c5 6. dxc5 Bxc5 7. e3 Nc6 8. Be2
O-O 9. O-O dxc4 10. Bxc4 Bd7 11. a3 Rc8 12. h3 Be7 13. Qe2 a6 14. Rad1 b5 15.
Bd3 Qb6 16. Ne4 Nxe4 17. Bxe4 Rfd8 18. Ng5 g6 19. h4 Be8 20. Bb1 b4 21. Qf3 bxa3
22. bxa3 Rxd1 23. Rxd1 Rd8 24. Rf1 Qb5 25. Ne4 Ne5 26. Qg3 Nc4 27. Bg5 Nd2 28.
Nxd2 Bxg5 29. hxg5 Rxd2 30. Qf4 Qb3 31. Be4 Qxa3 32. Rb1 Qd6 33. Rb8 Kf8 34.
Qxd6+ Rxd6 35. Ra8 Ke7 36. Ra7+ Kf8 37. Ra8 Ke7 38. Ra7+ Kf8 1/2-1/2

[Event "Riga Tech Open A 2018"]
[Site "Riga LAT"]
[Date "2018.08.07"]
[Round "2.9"]
[White "Schroeder, Jan-Christian"]
[Black "Sawlin, Leonid"]
[Result "1-0"]
[WhiteTitle "GM"]
[BlackTitle "FM"]
[WhiteElo "2573"]
[BlackElo "2346"]
[WhiteFideId "24662259"]
[BlackFideId "4689542"]
[EventDate "2018.08.06"]

1. e4 e6 2. d4 d5 3. e5 c5 4. c3 Qb6 5. Nf3 Bd7 6. Be2 Bb5 7. Bxb5+ Qxb5 8. Na3
Qa6 9. dxc5 Bxc5 10. b4 Bf8 11. Nd4 Nd7 12. Nab5 Rc8 13. O-O Qb6 14. Be3 Nxe5
15. Qa4 Nd7 16. Nxa7 Ra8 17. Ndb5 Qd8 18. Bf4 Nb6 19. Nc7+ Ke7 20. Qa5 Nc4 21.
Qc5+ Kf6 22. Qd4+ Ke7 23. Nxa8 Qxa8 24. Rfe1 Nf6 25. Rad1 b6 26. Nb5 Qc6 27. a4
Kd7 28. Na7 Qxa4 29. Qxc4 Bd6 30. Qd4 Qxa7 31. Bxd6 Kxd6 32. c4 Rd8 33. cxd5 Ke7
34. Qe5 Qb8 35. Qxb8 Rxb8 36. dxe6 fxe6 37. Rc1 Kd7 38. b5 Nd5 39. Ra1 Rb7 40.
Rec1 Nc7 41. Rd1+ Ke7 42. Rdb1 Kd6 43. Kf1 Nd5 44. Rc1 Ke7 45. Rc6 Kf7 46. h4
Rd7 47. Re1 Re7 48. Re5 g6 49. g3 Re8 50. Kg2 Re7 51. h5 Re8 52. f4 Re7 53. Kf3
Re8 54. h6 Re7 55. Rd6 Re8 56. Rd7+ Kf6 57. Rdxd5 1-0

[Event "Riga Tech Open A 2018"]
[Site "Riga LAT"]
[Date "2018.08.07"]
[Round "2.10"]
[White "Narva, Mai"]
[Black "Petrosyan, Manuel"]
[Result "0-1"]
[WhiteTitle "WIM"]
[BlackTitle "GM"]
[WhiteElo "2320"]
[BlackElo "2567"]
[WhiteFideId "4500512"]
[BlackFideId "13300857"]
[EventDate "2018.08.06"]

1. e4 c6 2. Nc3 d5 3. Nf3 dxe4 4. Nxe4 Nf6 5. Qe2 Nxe4 6. Qxe4 Qd5 7. Qe3 Qe6 8.
d4 Qxe3+ 9. Bxe3 Bf5 10. c4 e6 11. a3 Nd7 12. Be2 h6 13. O-O Bd6 14. Rfd1 Nf6
15. Ne5 Ke7 16. Bf3 g5 17. g3 Be4 18. Bxe4 Nxe4 19. f3 Nf6 20. b4 Rac8 21. a4
Rhd8 22. Nd3 b6 23. Bf2 g4 24. Kg2 h5 25. b5 gxf3+ 26. Kxf3 cxb5 27. c5 Bb8 28.
axb5 Nd5 29. Rac1 f6 30. h3 Rg8 31. Re1 Rcd8 32. Re2 Kf7 33. Rce1 Rge8 34. Kg2
Nc3 35. Rb2 bxc5 36. Nxc5 Bc7 37. Rc1 Nd5 38. Ne4 f5 39. Nc3 Bb6 40. Na4 h4 41.
Nxb6 axb6 42. Rc6 hxg3 43. Kxg3 Ra8 44. Rb3 Ra2 45. Kf3 Rh8 46. h4 Rg8 47. Rc4
Ra1 48. Rb2 Rh1 49. Ke2 Rg2 50. Rcc2 Kf6 51. Rd2 Nf4+ 52. Kf3 Rh3+ 0-1

[Event "Riga Tech Open A 2018"]
[Site "Riga LAT"]
[Date "2018.08.07"]
[Round "2.11"]
[White "Dordzhieva, Dinara"]
[Black "Ter-Sahakyan, Samvel"]
[Result "0-1"]
[WhiteTitle "WIM"]
[BlackTitle "GM"]
[WhiteElo "2314"]
[BlackElo "2551"]
[WhiteFideId "24157570"]
[BlackFideId "13302531"]
[EventDate "2018.08.06"]

1. d4 Nf6 2. c4 e6 3. Nc3 Bb4 4. Qc2 d5 5. a3 Bxc3+ 6. Qxc3 Ne4 7. Qc2 c5 8.
dxc5 Nc6 9. Nf3 Qa5+ 10. Bd2 Qxc5 11. e3 Nxd2 12. Qxd2 dxc4 13. Qc3 Qa5 14. Bxc4
Qxc3+ 15. bxc3 Ke7 16. O-O Bd7 17. Bb5 Rhc8 18. Rfd1 Rc7 19. Nd2 Na5 20. Bxd7
Rxd7 21. Ne4 Rxd1+ 22. Rxd1 f5 23. Ng3 Rd8 24. Ra1 Rd2 25. e4 f4 26. Nh5 g5 27.
h4 h6 28. hxg5 hxg5 29. Rb1 a6 30. Rb6 Rd6 31. Rb1 Rd3 32. c4 Rxa3 33. e5 Rb3
34. Rc1 Rb4 35. Nf6 Nxc4 36. Ne4 g4 37. g3 Nxe5 0-1

[Event "Riga Tech Open A 2018"]
[Site "Riga LAT"]
[Date "2018.08.07"]
[Round "2.12"]
[White "Kollars, Dmitrij"]
[Black "Dhulipalla, Bala Chandra Prasad"]
[Result "1/2-1/2"]
[WhiteTitle "GM"]
[BlackTitle "IM"]
[WhiteElo "2549"]
[BlackElo "2333"]
[WhiteFideId "12909572"]
[BlackFideId "25005812"]
[EventDate "2018.08.06"]

1. c4 e5 2. Nc3 Nf6 3. Nf3 Nc6 4. e3 Bb4 5. Qc2 Bxc3 6. Qxc3 Qe7 7. a3 a5 8. b4
axb4 9. axb4 Rxa1 10. Qxa1 Nxb4 11. Qxe5 Qxe5 12. Nxe5 d6 13. Nd3 Nxd3+ 14. Bxd3
Ke7 15. Bb2 Be6 16. f4 Ra8 17. f5 Bc8 18. Ke2 Ra2 19. Bc3 Ng4 20. Rf1 f6 21. Bb1
Ra3 22. Be4 Ne5 23. Bxe5 dxe5 24. c5 Ra4 25. d3 b6 26. cxb6 cxb6 27. Rb1 b5 1/2-1/2

[Event "Riga Tech Open A 2018"]
[Site "Riga LAT"]
[Date "2018.08.07"]
[Round "2.15"]
[White "Zatonskih, V."]
[Black "Lobanov, Sergei"]
[Result "0-1"]
[WhiteTitle "FM"]
[BlackTitle "IM"]
[WhiteElo "2297"]
[BlackElo "2531"]
[WhiteFideId "14102161"]
[BlackFideId "24183750"]
[EventDate "2018.08.06"]

1. e4 c5 2. Nf3 d6 3. d4 cxd4 4. Nxd4 Nf6 5. f3 e5 6. Bb5+ Nbd7 7. Nf5 d5 8.
exd5 a6 9. Ba4 b5 10. Bb3 a5 11. c3 Nb6 12. Ne3 a4 13. Bc2 Bc5 14. Qd3 O-O 15.
Nd2 Bxe3 16. Ne4 Nxe4 17. Qxe4 f5 18. Qxe3 Nxd5 19. Qc5 Qh4+ 20. g3 Qc4 21. Qxc4
bxc4 22. O-O Kf7 23. Re1 Kf6 24. Bd2 Be6 25. b3 axb3 26. axb3 cxb3 27. Rxa8 Rxa8
28. Bxb3 Nb6 29. Be3 Nd7 30. Bc2 Rc8 31. Ba4 Nc5 32. Bb5 Nb3 33. f4 e4 34. Bc1
Bc4 35. Ba4 Nxc1 36. Rxc1 Ra8 37. Bc2 Ra2 38. Bd1 g5 39. fxg5+ Kxg5 40. h4+ Kf6
41. Bh5 Ke5 42. Re1 f4 43. gxf4+ Kxf4 44. Be8 Be2 45. Bf7 Rb2 46. Bg8 h6 47. Bd5
Bf3 48. c4 Rg2+ 49. Kf1 Rh2 50. Bxe4 Bxe4 51. Kg1 Rh1+ 52. Kf2 Rxe1 53. Kxe1 0-1

[Event "Riga Tech Open A 2018"]
[Site "Riga LAT"]
[Date "2018.08.07"]
[Round "2.17"]
[White "Dragnev, Valentin"]
[Black "Faibisovich, Vadim Z"]
[Result "1/2-1/2"]
[WhiteTitle "GM"]
[BlackTitle "IM"]
[WhiteElo "2509"]
[BlackElo "2310"]
[WhiteFideId "1634852"]
[BlackFideId "4102703"]
[EventDate "2018.08.06"]

1. d4 Nf6 2. c4 e6 3. Nc3 d5 4. cxd5 exd5 5. Bg5 c6 6. e3 Bf5 7. Qf3 Bg6 8. Bxf6
Qxf6 9. Qxf6 gxf6 10. Nf3 Nd7 11. Nh4 Bb4 12. a3 Bxc3+ 13. bxc3 Nb6 14. Kd2
O-O-O 15. Be2 Kc7 16. f3 Rhe8 17. g3 Nc8 18. c4 dxc4 19. Bxc4 Re5 20. Rhc1 Ra5
21. Ke1 Nd6 22. Be2 Nf5 23. Ng2 Ne7 24. Rc3 Nd5 25. Rcc1 f5 26. Kf2 Kd6 27. Bd3
Re8 28. Re1 c5 29. dxc5+ Rxc5 30. Rad1 Kc6 31. Rd2 b5 32. Nh4 Nc3 33. h3 Ree5
34. f4 Red5 35. Nf3 Ne4+ 36. Bxe4 fxe4 37. Nd4+ Kb6 38. g4 f6 39. Rb1 Rc3 40. a4
a6 41. axb5 axb5 42. f5 Bf7 43. Rdb2 Be8 44. Ra1 Rxd4 45. exd4 Bc6 46. Rab1 Rxh3
47. d5 Bxd5 48. Rxb5+ Kc6 49. Kg2 Rd3 50. Rb6+ Kc5 51. Rxf6 e3+ 52. Kf1 Bf3 53.
Re6 Bxg4 54. Re4 e2+ 55. Rxe2 Bxe2+ 56. Kxe2 Rd5 57. Rf1 Kd6 58. f6 Re5+ 59. Kd3
Re8 60. Rh1 1/2-1/2

[Event "Riga Tech Open A 2018"]
[Site "Riga LAT"]
[Date "2018.08.07"]
[Round "2.18"]
[White "Kuznecovs, Nikita"]
[Black "Annaberdiev, Meilis"]
[Result "1/2-1/2"]
[BlackTitle "IM"]
[WhiteElo "2280"]
[BlackElo "2509"]
[WhiteFideId "11604557"]
[BlackFideId "14000563"]
[EventDate "2018.08.06"]

1. d4 Nf6 2. Bf4 e6 3. e3 c5 4. c3 b6 5. Nd2 cxd4 6. exd4 Bb7 7. Ngf3 Be7 8. Bd3
O-O 9. O-O d6 10. h3 Nbd7 11. Qe2 a6 12. Rfe1 h6 13. a4 Re8 14. Qf1 Bf8 15. Bh2
Qc7 16. Ne4 Nxe4 17. Bxe4 Bxe4 18. Rxe4 Qc6 19. Ree1 b5 20. axb5 axb5 21. Nd2
Nb6 22. Qd3 Nc4 23. b3 Nxd2 24. Qxd2 Rec8 25. Rxa8 Rxa8 26. d5 Qxd5 27. Qxd5
exd5 28. Kf1 f6 29. Rd1 Ra3 30. b4 Rxc3 31. Rxd5 Kf7 32. Rxb5 Rb3 33. f4 g6 34.
g4 Rxh3 35. Kg2 Re3 36. f5 Re2+ 37. Kh3 Re3+ 38. Kg2 gxf5 39. gxf5 d5 40. Rxd5
Re2+ 41. Kh3 Bxb4 42. Bf4 Re1 43. Kg2 h5 44. Rd3 Re2+ 45. Kf3 Re7 46. Rd1 h4 47.
Rh1 Be1 48. Be3 Bg3 49. Bf2 Rb7 50. Bxg3 Rb3+ 51. Kf4 hxg3 52. Rg1 Ke7 53. Rxg3
Rb4+ 54. Kf3 Kd6 55. Rg4 Rxg4 56. Kxg4 Ke5 57. Kg3 1/2-1/2

[Event "Riga Tech Open A 2018"]
[Site "Riga LAT"]
[Date "2018.08.07"]
[Round "2.20"]
[White "Thybo, Jesper Sondergaard"]
[Black "Borisovsky, Dmitry"]
[Result "1-0"]
[WhiteTitle "IM"]
[BlackTitle "FM"]
[WhiteElo "2496"]
[BlackElo "2297"]
[WhiteFideId "1438832"]
[BlackFideId "34109410"]
[EventDate "2018.08.06"]

1. Nf3 Nf6 2. c4 g6 3. Nc3 d5 4. cxd5 Nxd5 5. h4 Bg7 6. e4 Nxc3 7. dxc3 Qxd1+ 8.
Kxd1 Nd7 9. Nd4 c5 10. Nb3 b6 11. f3 Bb7 12. Kc2 O-O-O 13. a4 Ne5 14. a5 f5 15.
exf5 gxf5 16. Bg5 h6 17. Be3 Rd5 18. axb6 axb6 19. h5 Rhd8 20. Nd2 Nc6 21. Nc4
Kc7 22. Na3 e5 23. Bc4 R5d7 24. Be6 Rd3 25. Rae1 f4 26. Bc1 Ba6 27. Bf5 R3d6 28.
g3 fxg3 29. Rhg1 b5 30. Rxg3 Bf8 31. Nb1 b4 32. Be3 c4 33. Nd2 Bb5 34. Ra1 Rf6
35. Be4 bxc3 36. bxc3 Rfd6 37. Rg4 Rb8 38. Rg6 Rxg6 39. hxg6 h5 40. Bd5 Rd8 41.
Bf7 Bg7 42. Nxc4 Bxc4 43. Bxc4 h4 44. Rb1 Rh8 45. f4 h3 46. Bd5 h2 47. Bb6+ Kd7
48. Bc5 Rc8 49. f5 Nd8 50. Bb4 1-0

[Event "Riga Tech Open A 2018"]
[Site "Riga LAT"]
[Date "2018.08.07"]
[Round "2.21"]
[White "Thogersen, Rasmus"]
[Black "Anurag, Mhamal"]
[Result "1/2-1/2"]
[WhiteTitle "FM"]
[BlackTitle "GM"]
[WhiteElo "2275"]
[BlackElo "2484"]
[WhiteFideId "1431412"]
[BlackFideId "5024366"]
[EventDate "2018.08.06"]

1. e4 e5 2. Nf3 Nc6 3. Bb5 a6 4. Ba4 Nf6 5. O-O Be7 6. Re1 b5 7. Bb3 d6 8. c3
O-O 9. h3 Bb7 10. d4 Nd7 11. Nbd2 exd4 12. cxd4 Re8 13. Nf1 Na5 14. Bc2 Bf6 15.
Bf4 Nf8 16. Ng3 Ne6 17. Bc1 g6 18. Rb1 c5 19. d5 Nd4 20. Nxd4 Bxd4 21. b3 Qh4
22. Bb2 Bxb2 23. Rxb2 Bc8 24. Bb1 Bd7 25. Rbe2 Re5 26. Qd2 b4 27. Kh2 g5 28. Bc2
Nb7 29. Re3 a5 30. Bd1 g4 31. f4 gxf3 32. Rxf3 c4 33. bxc4 Nc5 34. Rf4 Qg5 35.
Nh5 Kh8 36. h4 Qh6 37. g4 Rxh5 38. gxh5 Nd3 39. Ref1 Nxf4 40. Qxf4 Qxf4+ 41.
Rxf4 Kg7 42. h6+ Kf8 43. c5 dxc5 44. e5 Be8 45. d6 a4 46. Bc2 b3 47. Bxh7 Bd7
48. Bg6 bxa2 49. Rxf7+ Kg8 50. Rg7+ Kh8 51. Rh7+ Kg8 52. Rg7+ Kh8 53. Rh7+ 1/2-1/2

[Event "Riga Tech Open A 2018"]
[Site "Riga LAT"]
[Date "2018.08.07"]
[Round "2.22"]
[White "Kaczur, Florian"]
[Black "Vovk, Ilja"]
[Result "1-0"]
[WhiteTitle "IM"]
[BlackTitle "FM"]
[WhiteElo "2482"]
[BlackElo "2294"]
[WhiteFideId "705098"]
[BlackFideId "4501764"]
[EventDate "2018.08.06"]

1. g3 e5 2. c4 f5 3. Bg2 Nf6 4. Nc3 d6 5. d4 Be7 6. e3 O-O 7. Nge2 Kh8 8. b3 c6
9. Bb2 Be6 10. Qd2 Nbd7 11. Rd1 Bf7 12. O-O Qc7 13. e4 fxe4 14. Nxe4 Nxe4 15.
Bxe4 Nf6 16. Bg2 e4 17. d5 cxd5 18. cxd5 Rae8 19. Nf4 Bd8 20. Bh3 Qa5 21. Qxa5
Bxa5 22. Ba3 e3 23. fxe3 Ne4 24. Ne6 Bxe6 25. dxe6 Rxf1+ 26. Rxf1 Kg8 27. Bf5
Nd2 28. Rf4 Bb6 29. Kf2 g6 30. Bh3 g5 31. Rg4 Rxe6 32. Rxg5+ Rg6 33. Rxg6+ hxg6
34. Be6+ Kg7 35. Bb2+ Kh6 36. Bd5 Bc5 37. Ke2 Nb1 38. Bxb7 Na3 39. Kd3 Nb5 40.
Bd5 Kg5 41. Bf3 Kf5 42. h4 Nc7 43. g4+ Ke6 44. h5 gxh5 45. gxh5 Kf5 46. Bg7 Ne8
47. h6 Kg6 48. Be4+ Kf7 49. Bc3 d5 50. Bxd5+ Kg6 51. Bf7+ 1-0

[Event "Riga Tech Open A 2018"]
[Site "Riga LAT"]
[Date "2018.08.07"]
[Round "2.23"]
[White "Leenhouts, Koen"]
[Black "Vaishali, R"]
[Result "1-0"]
[WhiteTitle "IM"]
[BlackTitle "WIM"]
[WhiteElo "2475"]
[BlackElo "2294"]
[WhiteFideId "1008439"]
[BlackFideId "5091756"]
[EventDate "2018.08.06"]

1. d4 Nf6 2. c4 e6 3. g3 c5 4. d5 exd5 5. cxd5 b5 6. e4 Nxe4 7. Qe2 Qe7 8. Bg2
Nd6 9. Be3 Na6 10. Nc3 g6 11. Nxb5 Nxb5 12. d6 Nxd6 13. Bxa8 Nb4 14. Bg5 Qe6 15.
Bf6 Rg8 16. Qxe6+ fxe6 17. Kf1 g5 18. Nf3 g4 19. Ne5 Ba6+ 20. Kg1 Be7 21. Bxe7
Kxe7 22. Bg2 Rg5 23. f4 gxf3 24. Nxf3 Rf5 25. Ne1 Nd5 26. h4 Ne3 27. Bh3 Rd5 28.
Rh2 Ne4 29. Nc2 Nxc2 30. Rxc2 Nxg3 31. Re1 Nh5 32. Bg2 Rf5 33. Rf2 Rxf2 34. Kxf2
Nf4 35. Be4 h5 36. Re3 d5 37. Ra3 Bc8 38. Rxa7+ Kd6 39. Bc2 e5 40. a4 e4 41. a5
Ne6 42. Rh7 Ke5 43. Rxh5+ Kd4 44. Rh8 e3+ 45. Ke1 Ba6 46. Rh6 Ke5 47. Rh5+ Kd6
48. Bf5 Nf4 49. Rh6+ Ke5 50. Rxa6 Kxf5 51. Ra8 d4 52. Rf8+ Ke5 53. Rxf4 1-0

[Event "Riga Tech Open A 2018"]
[Site "Riga LAT"]
[Date "2018.08.07"]
[Round "2.24"]
[White "Gurvich, Vitaly"]
[Black "Laurusas, Tomas"]
[Result "0-1"]
[WhiteTitle "FM"]
[BlackTitle "IM"]
[WhiteElo "2272"]
[BlackElo "2463"]
[WhiteFideId "24164852"]
[BlackFideId "12803731"]
[EventDate "2018.08.06"]

1. c4 c6 2. d4 d5 3. cxd5 cxd5 4. Bg5 Nf6 5. Bxf6 gxf6 6. Nc3 e6 7. e3 Nd7 8.
Bd3 f5 9. f4 Rg8 10. Qd2 a6 11. Nf3 Nf6 12. O-O Ne4 13. Qe2 f6 14. Rac1 Bd7 15.
Bxe4 fxe4 16. Nh4 f5 17. Qh5+ Ke7 18. Qxh7+ Rg7 19. Qh8 Kd6 20. Kh1 Bc6 21. g4
Rxg4 22. Nxf5+ Kc7 23. h3 exf5 24. hxg4 fxg4 25. Kg2 Kb6 26. Rh1 Ka7 27. Qh5 Qb6
28. Rc2 Rd8 29. Qf5 Bg7 30. Rh7 Bxd4 31. exd4 Qxd4 32. Nxe4 dxe4 33. Qc5+ Qxc5
34. Rxc5 Kb6 35. b4 e3+ 36. Kg3 Rd1 37. Re7 Rg1+ 38. Kh4 g3 39. Rxe3 g2 40. Kg3
Rf1 41. Rxc6+ Kxc6 42. Kxg2 Rxf4 43. a3 Rf7 44. Re5 Rd7 45. a4 Rd4 46. b5+ axb5
47. axb5+ Kd6 48. Rh5 Rd5 49. Rh7 b6 50. Kf3 Kc5 51. Ke4 Kc4 52. Rh6 Rxb5 53.
Rc6+ Kb3 54. Kd4 Rb4+ 55. Kd3 b5 56. Rc3+ Kb2 57. Rc2+ Ka3 58. Rc8 Rb2 59. Ra8+
Kb3 60. Rb8 b4 61. Rc8 Rh2 62. Rb8 Ka3 63. Kc4 Rc2+ 64. Kd3 b3 65. Ra8+ Kb2 66.
Rb8 Ka2 67. Rb7 Rh2 68. Kc3 b2 69. Ra7+ Kb1 70. Rg7 Rh3+ 71. Kd2 Ka2 72. Ra7+
Ra3 0-1

[Event "Riga Tech Open A 2018"]
[Site "Riga LAT"]
[Date "2018.08.07"]
[Round "2.25"]
[White "Pultinevicius, Paulius"]
[Black "Rogule, Laura"]
[Result "1/2-1/2"]
[WhiteTitle "IM"]
[BlackTitle "WGM"]
[WhiteElo "2452"]
[BlackElo "2272"]
[WhiteFideId "12809390"]
[BlackFideId "11601876"]
[EventDate "2018.08.06"]

1. d4 d5 2. c4 e6 3. Nf3 Nf6 4. Nc3 Be7 5. Bf4 O-O 6. e3 c5 7. dxc5 Bxc5 8. cxd5
exd5 9. Bd3 Nc6 10. O-O a6 11. Rc1 h6 12. h3 Be6 13. Na4 Ba7 14. Bxa6 Bxe3 15.
Bxe3 Rxa6 16. Nc5 Rxa2 17. Qb3 Ra8 18. Nxe6 fxe6 19. Qxb7 Na5 20. Qb4 Rb8 21.
Qe1 Nc4 22. Bd4 Qe8 23. b4 Nd7 24. Bc3 Rxf3 25. gxf3 Qg6+ 26. Kh2 Qf5 27. Rg1
Nde5 28. Rg3 Nxf3+ 29. Rxf3 Qxf3 30. Qxe6+ Kh7 31. Rc2 Qf4+ 32. Kh1 Qf3+ 33. Kh2
Qf4+ 34. Kh1 Qf3+ 35. Kh2 Qf4+ 36. Kh1 1/2-1/2

[Event "Riga Tech Open A 2018"]
[Site "Riga LAT"]
[Date "2018.08.07"]
[Round "2.26"]
[White "Sorensen, Hampus"]
[Black "Gorodetzky, David"]
[Result "0-1"]
[BlackTitle "IM"]
[WhiteElo "2267"]
[BlackElo "2451"]
[WhiteFideId "8703884"]
[BlackFideId "2813416"]
[EventDate "2018.08.06"]

1. d4 e6 2. c4 Nf6 3. Nf3 d5 4. g3 Bb4+ 5. Bd2 Be7 6. Bg2 O-O 7. O-O c6 8. Qc2
Nbd7 9. Rd1 Ne4 10. b3 Nxd2 11. Nbxd2 f5 12. Ne1 Nf6 13. Ndf3 Bd6 14. Nd3 Qe7
15. a3 Bd7 16. b4 Be8 17. Rab1 f4 18. c5 Bc7 19. Nde5 Ne4 20. g4 Ng5 21. Qb2
Nxf3+ 22. Nxf3 Bg6 23. Rbc1 Be4 24. Qb3 a6 25. a4 Qe8 26. h3 h5 27. g5 h4 28.
Rd2 Rf5 29. Kh1 Bxf3 30. Bxf3 Rxg5 31. Rdd1 e5 32. dxe5 Qe6 33. Kh2 Rxe5 34. Qd3
Re8 35. Rg1 Rxe2 36. Rg2 Re4 37. Rcg1 Be5 38. Rg4 Bf6 39. Bxe4 dxe4 40. Qd6 e3
41. Qxe6+ Rxe6 42. fxe3 fxe3 43. Re1 e2 44. Rg2 Re4 45. Rexe2 Rxb4 46. Rg4 Rb3
47. Rc2 Kf7 48. Re4 Kg6 49. Rcc4 a5 50. Re2 Kf5 51. Rf2+ Ke6 52. Rd2 Be5+ 53.
Kg2 Rg3+ 54. Kf1 Rxh3 55. Re4 Rh1+ 56. Ke2 Kf5 57. Rc4 Rh2+ 58. Kd3 Rxd2+ 59.
Kxd2 g5 60. Ke2 g4 61. Rc1 h3 62. Rf1+ Ke4 63. Rf7 g3 64. Rh7 g2 65. Kf2 Bd4+ 0-1

[Event "Riga Tech Open A 2018"]
[Site "Riga LAT"]
[Date "2018.08.07"]
[Round "2.27"]
[White "Stauskas, Lukas"]
[Black "Merry, Alan B"]
[Result "1-0"]
[BlackTitle "IM"]
[WhiteElo "2256"]
[BlackElo "2445"]
[WhiteFideId "12808148"]
[BlackFideId "418811"]
[EventDate "2018.08.06"]

1. d4 Nf6 2. c4 g6 3. Nc3 Bg7 4. Nf3 O-O 5. Bg5 c5 6. d5 e6 7. e4 h6 8. Be3 exd5
9. exd5 d6 10. h3 b5 11. cxb5 Nbd7 12. Nd2 Re8 13. Nc4 Nb6 14. Nxb6 axb6 15. Qc2
Re5 16. Bc4 Bf5 17. Qb3 Ne4 18. O-O Qh4 19. Rfe1 Rae8 20. Bf1 Bf6 21. a4 Bg5 22.
Nxe4 Bxe4 23. Rad1 Bxe3 24. Rxe3 Qg5 25. a5 bxa5 26. b6 Rb8 27. Qa4 f5 28. Qc6
Qd8 29. b7 Re7 30. Ba6 Rc7 31. Qb6 Rd7 32. Qxd8+ Rbxd8 33. f3 Bc2 34. Rde1 Kf7
35. Rc3 Ba4 36. b3 Bb5 37. Bxb5 Rxb7 38. Bc6 Rb4 39. Ra1 Kf6 40. Rxa5 Ke5 41.
Ra4 Rdb8 42. Rxb4 Rxb4 43. Rd3 f4 44. Kf2 Rb6 45. Ke2 Ra6 46. Bb5 Ra1 47. Bc4
Rg1 48. Kf2 Ra1 49. Rd2 g5 50. Re2+ Kd4 51. Re6 Ra2+ 52. Kg1 Ra1+ 53. Kh2 h5 54.
Rxd6 Ke3 55. Re6+ 1-0

[Event "Riga Tech Open A 2018"]
[Site "Riga LAT"]
[Date "2018.08.07"]
[Round "2.28"]
[White "Cruz Lledo, Pablo"]
[Black "Hjelmas, Lars"]
[Result "0-1"]
[WhiteTitle "IM"]
[BlackTitle "FM"]
[WhiteElo "2432"]
[BlackElo "2271"]
[WhiteFideId "2297361"]
[BlackFideId "1501054"]
[EventDate "2018.08.06"]

1. d4 f5 2. g3 g6 3. Bg2 Bg7 4. Nh3 Nf6 5. O-O O-O 6. Nf4 c6 7. c4 d6 8. d5 e5
9. dxe6 Re8 10. Qb3 Na6 11. Nc3 Nc5 12. Qa3 g5 13. Nh3 h6 14. Be3 Bxe6 15. f3
Bxc4 16. Bxc5 dxc5 17. Qxc5 Qb6 18. Qxb6 axb6 19. Rfe1 Nd5 20. Nxd5 Bxd5 21. e4
fxe4 22. fxe4 Bxa2 23. Rad1 Rad8 24. Nf2 Bb3 25. Rxd8 Rxd8 26. e5 Re8 27. Nd3
Bc4 28. Bf1 b5 29. Kf2 Kf7 30. h4 g4 31. Be2 Re7 32. h5 Bxd3 33. Bxd3 Bxe5 34.
Re4 Bxb2 35. Rxg4 Bc1 36. Rg6 Ke8 37. Bf5 Kd8 38. Be6 Kc7 39. Kf3 b4 40. Ke4 Kd6
41. Kf5 Kc5 42. Bg8 Kd4 43. g4 Kc3 44. Kf6 Rc7 45. g5 Bxg5+ 46. Rxg5 hxg5 47. h6
b3 48. Bf7 b2 49. h7 b1=Q 50. h8=Q Kb4 51. Qf8+ c5 52. Be6 Qb2+ 53. Kg6 Qe5 54.
Bf5 g4 55. Bxg4 Rc6+ 56. Kh7 Qg5 0-1

[Event "Riga Tech Open A 2018"]
[Site "Riga LAT"]
[Date "2018.08.07"]
[Round "2.29"]
[White "Jacobs, Florian"]
[Black "Pechac, Jergus"]
[Result "1/2-1/2"]
[BlackTitle "IM"]
[WhiteElo "2255"]
[BlackElo "2431"]
[WhiteFideId "1018329"]
[BlackFideId "14926970"]
[EventDate "2018.08.06"]

1. d4 Nf6 2. c4 g6 3. Nc3 d5 4. cxd5 Nxd5 5. e4 Nxc3 6. bxc3 Bg7 7. Nf3 c5 8.
Be3 Qa5 9. Qd2 Nc6 10. Rb1 a6 11. Rc1 O-O 12. d5 Rd8 13. c4 Qb6 14. Bd3 Nb4 15.
Be2 Bg4 16. O-O Bxf3 17. Bxf3 Nc6 18. Rb1 Qa7 19. a4 b6 20. Qa2 Nd4 21. Bg4 Qc7
22. f4 b5 23. e5 Qa5 24. Bxd4 cxd4 25. c5 d3 26. c6 b4 27. Bf3 g5 28. Qc4 gxf4
29. c7 Rf8 30. d6 Rac8 31. Qxb4 Qxe5 32. Bb7 exd6 33. Bxc8 Rxc8 34. Kh1 d5 35.
Rbc1 Bf8 36. Qd2 Qe3 37. Rfd1 Bd6 38. Qxd3 a5 39. Qa6 Qe6 40. Qd3 Rxc7 41. Rxc7
Bxc7 42. Qxd5 Qe3 43. h3 Qg3 44. Qf3 Kg7 45. Rc1 Bd6 46. Rd1 Bc7 47. Rc1 Bd6 48.
Rd1 1/2-1/2

[Event "Riga Tech Open A 2018"]
[Site "Riga LAT"]
[Date "2018.08.07"]
[Round "2.30"]
[White "Yankelevich, Lev"]
[Black "Arnold, Max"]
[Result "1-0"]
[WhiteTitle "IM"]
[WhiteElo "2420"]
[BlackElo "2260"]
[WhiteFideId "24684074"]
[BlackFideId "24682810"]
[EventDate "2018.08.06"]

1. d4 Nf6 2. c4 e6 3. g3 d5 4. Bg2 Bb4+ 5. Nd2 O-O 6. Nf3 dxc4 7. a3 Bxd2+ 8.
Bxd2 Nc6 9. e3 b5 10. O-O Bb7 11. b3 Ne7 12. bxc4 bxc4 13. Qc2 a5 14. Rfe1 c5
15. dxc5 Rc8 16. Bc3 Be4 17. Qb2 Rxc5 18. Bxf6 gxf6 19. Qxf6 Ng6 20. Qxd8 Rxd8
21. Nd4 Bxg2 22. Kxg2 e5 23. Nf3 f6 24. Rec1 Ne7 25. Rc2 Nd5 26. Rb1 c3 27. e4
Nc7 28. Rbc1 Rd3 29. Ne1 Rd4 30. Rxc3 Rxc3 31. Rxc3 Nb5 32. Rb3 Nd6 33. f3 Nc4
34. Rc3 Kf7 35. Kh3 Nd2 36. Nc2 Ra4 37. Kg2 Kg6 38. Kf2 Nb1 39. Rb3 Nd2 40. Rd3
Nc4 41. Ke2 f5 42. exf5+ Kxf5 43. Rc3 Ke6 44. Kd3 Nb2+ 45. Ke2 Nc4 46. Rb3 Kd6
47. h4 Ke6 48. g4 Nd6 49. Ne3 h5 50. Kf2 e4 51. Rb6 Kd7 52. g5 exf3 53. g6 Re4
54. g7 Re8 55. Nd5 Ne4+ 56. Kxf3 1-0

[Event "Riga Tech Open A 2018"]
[Site "Riga LAT"]
[Date "2018.08.07"]
[Round "2.31"]
[White "Bluebaum, Karl-Ernst"]
[Black "Korchmar, Vasiliy"]
[Result "1/2-1/2"]
[BlackTitle "IM"]
[WhiteElo "2253"]
[BlackElo "2415"]
[WhiteFideId "4605047"]
[BlackFideId "24131750"]
[EventDate "2018.08.06"]

1. d4 Nf6 2. c4 e6 3. Nf3 d5 4. g3 Bb4+ 5. Bd2 Bd6 6. Nc3 O-O 7. Bg2 Nbd7 8. O-O
dxc4 9. Nb5 a6 10. Nxd6 cxd6 11. Bb4 Qb6 12. Qa4 Re8 13. b3 cxb3 14. axb3 Nf8
15. Rfc1 Bd7 16. Qa3 d5 17. Ba5 Qa7 18. Rc7 Rec8 19. Rac1 Rxc7 20. Rxc7 Ne8 21.
Rc2 b6 22. Bb4 Ng6 23. h4 h5 24. e4 Nf6 25. e5 Ne8 26. Qc1 a5 27. Ba3 a4 28.
bxa4 Qxa4 29. Rc3 Bb5 30. Qe3 Bc4 31. Ng5 Qd1+ 32. Kh2 Qe2 33. Bf3 Qxe3 34. Rxe3
Nc7 35. Bxh5 Nb5 36. Bc1 Nxd4 37. Bxg6 fxg6 38. Ra3 Rxa3 39. Bxa3 Nc2 40. Bb2 d4
41. Nf3 d3 42. Nd2 Bd5 43. f4 b5 44. Kg1 Kf7 45. Kf2 Ke7 46. Nf3 Bxf3 47. Kxf3
Kd7 48. Bc1 Kc6 49. Ke4 Nb4 50. Kd4 Nd5 51. Bd2 Ne7 52. g4 Ng8 53. Kxd3 Kd5 54.
h5 gxh5 55. gxh5 Nh6 56. Bb4 Nf5 57. Bf8 Ng3 58. h6 gxh6 59. Bxh6 Ne4 60. Bf8
Nc5+ 61. Kc3 Nd7 62. Be7 Kc6 63. Kd4 Nb6 64. Ke4 Nd5 65. Bf8 Nc3+ 66. Kd3 Na4
67. Kd4 Nb6 68. Ke4 Nd7 69. Be7 Nb6 70. f5 Nd5 71. Bf8 exf5+ 72. Kxf5 b4 73.
Bxb4 1/2-1/2